|
|
|
|
| LEADER |
00000caa a22000002c 4500 |
| 001 |
1639383484 |
| 003 |
DE-627 |
| 005 |
20220608124901.0 |
| 007 |
tu |
| 008 |
160223s1995 xx ||||| 00| ||fre c |
| 035 |
|
|
|a (DE-627)1639383484
|
| 035 |
|
|
|a (DE-576)455850887
|
| 035 |
|
|
|a (DE-599)BSZ455850887
|
| 040 |
|
|
|a DE-627
|b ger
|c DE-627
|e rakwb
|
| 041 |
|
|
|a fre
|
| 100 |
1 |
|
|a Bacher, Jean-Luc
|d 1960-
|0 (DE-588)1048395243
|0 (DE-627)780304020
|0 (DE-576)174144903
|4 aut
|
| 109 |
|
|
|a Bacher, Jean-Luc 1960-
|
| 245 |
1 |
3 |
|a Le rôle des compagnies d'assurance en matière de judiciarisation de la fraude
|c Jean-Luc Bacher
|
| 264 |
|
1 |
|c 1995
|
| 336 |
|
|
|a Text
|b txt
|2 rdacontent
|
| 337 |
|
|
|a ohne Hilfsmittel zu benutzen
|b n
|2 rdamedia
|
| 338 |
|
|
|a Band
|b nc
|2 rdacarrier
|
| 773 |
0 |
8 |
|i In
|t Revue internationale de criminologie et de police technique et scientifique
|d Petit-Lancy : Meichtry, 1953
|g 48(1995), 3, Seite 311-331
|w (DE-627)129509078
|w (DE-600)209851-9
|w (DE-576)014915677
|x 1424-4683
|7 nnas
|
| 773 |
1 |
8 |
|g volume:48
|g year:1995
|g number:3
|g pages:311-331
|
| 935 |
|
|
|a mkri
|
| 951 |
|
|
|a AR
|
| ELC |
|
|
|b 1
|
| LOK |
|
|
|0 000 xxxxxcx a22 zn 4500
|
| LOK |
|
|
|0 001 3299924974
|
| LOK |
|
|
|0 003 DE-627
|
| LOK |
|
|
|0 004 1639383484
|
| LOK |
|
|
|0 005 20251007083514
|
| LOK |
|
|
|0 008 160208||||||||||||||||ger|||||||
|
| LOK |
|
|
|0 040
|a DE-21-110
|c DE-627
|d DE-21-110
|
| LOK |
|
|
|0 689
|a g
|a Schweiz
|
| LOK |
|
|
|0 689
|a s
|a Versicherungsbetrug
|
| LOK |
|
|
|0 689
|a g
|a Kanada
|
| LOK |
|
|
|0 852
|a DE-21-110
|
| LOK |
|
|
|0 852 1
|m p
|9 00
|
| LOK |
|
|
|0 935
|a k110
|
| LOK |
|
|
|0 938
|k p
|
| LOK |
|
|
|0 939
|a 08-02-16
|b l01
|
| ORI |
|
|
|a SA-MARC-krimdoka001.raw
|